000 00649nam a2200217 a 4500
001 000106
003 BD-ChCU
005 20230204155817.0
008 s2013 aii b 002 eng
020 _a9780074601402
040 _aDLC
_cDLC
_dBD-ChCU
082 0 0 _a660.2/G411i
100 1 _aGhosal, Salil K.
_bSanyal, Shyamal K. Datta, Siddartha.
245 1 0 _aIntroduction to Chemical engineering
_cSalil K Ghosal & Shymal K Sanyal.
250 _a
260 _aNew Delhi, India
_bMcGraw Hill.
_c2013
300 _a565p
504 _aindex ( 559-565 ) Bibliography:(557-558)
650 0 _aChemical Engineering. Chemical engineering.
942 _2ddc
_cBK
999 _c106
_d106